000 00589nam a2200205 4500
003 OSt
005 20240722061622.0
006 a
008 240722b |||||||| |||| 00| 0 eng d
020 _a9780071285322
040 _aDWCL-Main lib.
_cOC
082 _aCirc. 658.1511 Ed24f 2009
100 _aEdmonds, Thomas P.
245 _aFundamental managerial accounting Concepts /
260 _aBoston :
_bMcGraw-Hil/Irwinl,
_cc2009.
300 _axxxv,
_b713p. : col. ill.;
_c28cm.
504 _aIncludes index.
650 _a1. Managerial accounting.
942 _2ddc
_n0
_cBK-CIRC
_kCirc.
999 _c2523
_d2523